| 000 | 00980cam a22002891 4500 | ||
|---|---|---|---|
| 001 | sa 65008313 | ||
| 003 | DLC | ||
| 005 | 20260227112155.0 | ||
| 008 | 820319m19649999pk a 000 0 eng | ||
| 010 | _asa 65008313 | ||
| 025 | _aPL480:P-E-549, 1233, 1348 | ||
| 035 | _a(OCoLC)9800781 | ||
| 040 |
_aDLC _cMnSU _dDLC |
||
| 042 | _apremarc | ||
| 043 |
_aa-pk--- _aa-bg--- |
||
| 050 | 0 | 0 |
_aHD9866.P33 _bK36 |
| 082 | _a333.1/1 | ||
| 110 | 2 | _aPakistan Institute of Cotton Research and Technology, Karachi. | |
| 245 | 0 | 0 | _aReport on the productivity and efficiency of selected textile mills. |
| 260 |
_aKarachi, _bPakistan Central Cotton Committee, _c1964- |
||
| 300 |
_av. _billus. _c25 cm. |
||
| 500 | _aCover title. | ||
| 505 | 1 | _a[1] Karachi area.--[2] East Pakistan.--[3] West Pakistan. | |
| 650 | 0 |
_aTextile industry _xLabor productivity _zPakistan. |
|
| 710 | 2 | _aPakistan Central Cotton Committee. | |
| 740 | 0 | _aProductivity and efficiency of selected textile mills. | |
| 999 |
_c65692 _d65692 |
||